000
00318nam a22001337a 4500
020
_a
9780074623206
082
_a
576
_b
PEL/MI
100
_a
Pelczar,Michael J.
_9
1112
245
_a
Microbiology
250
_a
5 th
260
_a
New Delhi
_b
Tata Mcgraw Hill EducationPrivate Limited
_c
2011
300
_a
918
942
_c
BK
999
_c
14635
_d
14635